|
|
|
|
| LEADER |
01111nam a2200301 4500 |
| 001 |
000008328 |
| 003 |
4515 |
| 005 |
20111024151030.0 |
| 008 |
111014s1995 viesd |
| 020 |
|
|
|c 6.000đ
|
| 041 |
0 |
|
|a vie
|
| 082 |
|
|
|a 495.442
|b Bai
|
| 110 |
|
|
|a Hoàng Trọng Canh;Hồ Sĩ Minh Đô;Vũ Duy Quảng;Nguyễn Thanh Thọ
|
| 245 |
|
0 |
|a Những bài tập tiếng việt lý thú
|c Hoàng Trọng Canh; Hồ Sĩ Minh Đô; Vũ Duy Quảng; Nguyễn Thanh Thọ
|
| 260 |
|
|
|b Nxb. Giáo dục
|c 1995
|
| 300 |
|
|
|a 100tr
|c 19 cm
|
| 490 |
|
|
|a sách dành cho học sinh cấp I - II
|
| 700 |
|
|
|a Trương Đức Thành
|e chủ biên
|
| OWN |
|
|
|a LSP
|
| AVA |
|
|
|a UDN50
|b LSP
|d 495.442 Bai
|e unavailable
|t Error 5002 Not defined in file expand_doc_bib_avail.
|f 1
|g 1
|h N
|i 0
|k 1
|
| 999 |
|
|
|a From the UDN01
|
| AVA |
|
|
|a UDN50
|b LSP
|d 495.442 Bai
|e unavailable
|t Error 5002 Not defined in file expand_doc_bib_avail.
|f 1
|g 1
|h N
|i 0
|k 1
|
| TYP |
|
|
|a Monograph
|
| TYP |
|
|
|a Printed language
|
| 980 |
|
|
|a Mạng thư viện Đại học Đà Nẵng
|